| 000 | 01123nas a2200337 4500 | ||
|---|---|---|---|
| 001 | BR2015006297 | ||
| 003 | BR-BrBNA | ||
| 005 | 20231205125859.0 | ||
| 007 | ta | ||
| 008 | 230509b bl.|||p| |||| 00| 00por d | ||
| 040 |
_aBR-BrBNA _bpor _cBiblioteca Nacional de Agricultura |
||
| 041 | _a(Pt) | ||
| 072 | _aL70 | ||
| 100 | 1 | _aBirgel Junior, E.H. | |
| 100 | 1 | _aD´Angelino, J.L. | |
| 100 | 1 | _aBenesi, F.J. | |
| 100 | 1 | _aBirgel, E.H. | |
| 245 | 1 | _aValores de referência do leucograma de bovinos da raça Jersey criados no Estado de São Paulo | |
| 246 | 1 | _aReference values of the leucogram of the Jersey cattle, raised in São Paulo State | |
| 650 | _aBOVINO | ||
| 650 | _aGADO JERSEY | ||
| 650 | _aHEMATOLOGIA | ||
| 650 | _aSANGUE | ||
| 650 | _aGLOBULO BRANCO | ||
| 650 | _aLINFOCITO | ||
| 650 | _aANALISE | ||
| 773 | 0 |
_tBrazilian Journal of Veterinary Research and Animal Science (Brazil) _xISSN 1413-9596ISSN 1678-4456 _g(2001), v. 38(3) p. 136-141 _wBR2015006297 |
|
| 856 | 4 | 0 | _uhttp://www.scielo.br/pdf/bjvras/v38n3/9694.pdf |
| 909 |
_a202311 _bLúcia _c55 _dLúcia Elande |
||
| 942 |
_2AGRIS _n0 _cANA |
||
| 999 |
_c246677 _d246677 |
||